<?xml version="1.0" encoding="UTF-8"?>
<record
    xmlns:xsi="http://www.w3.org/2001/XMLSchema-instance"
    xsi:schemaLocation="http://www.loc.gov/MARC21/slim http://www.loc.gov/standards/marcxml/schema/MARC21slim.xsd"
    xmlns="http://www.loc.gov/MARC21/slim">

  <leader>00448nam a22001697a 4500</leader>
  <controlfield tag="003">OSt</controlfield>
  <controlfield tag="005">20200811125830.0</controlfield>
  <controlfield tag="008">200811b           ||||| |||| 00| 0 spa d</controlfield>
  <datafield tag="040" ind1=" " ind2=" ">
    <subfield code="c">Co-mqBPB</subfield>
  </datafield>
  <datafield tag="082" ind1=" " ind2=" ">
    <subfield code="a">303.60986 M65a</subfield>
  </datafield>
  <datafield tag="100" ind1=" " ind2=" ">
    <subfield code="a">Molano, Alfredo</subfield>
    <subfield code="d">1944-2019.</subfield>
  </datafield>
  <datafield tag="245" ind1=" " ind2=" ">
    <subfield code="a">Ah&#xED; les dejo esos fierros</subfield>
    <subfield code="c">Alfredo Molano.</subfield>
  </datafield>
  <datafield tag="300" ind1=" " ind2=" ">
    <subfield code="a">223p</subfield>
    <subfield code="c">19 cm</subfield>
  </datafield>
  <datafield tag="500" ind1=" " ind2=" ">
    <subfield code="a">Biograf&#xED;a</subfield>
  </datafield>
  <datafield tag="650" ind1=" " ind2=" ">
    <subfield code="2">Violencia</subfield>
    <subfield code="a">Colombia</subfield>
    <subfield code="v">Relatos personales</subfield>
  </datafield>
  <datafield tag="942" ind1=" " ind2=" ">
    <subfield code="2">ddc</subfield>
    <subfield code="c">BK</subfield>
  </datafield>
  <datafield tag="999" ind1=" " ind2=" ">
    <subfield code="c">12412</subfield>
    <subfield code="d">12412</subfield>
  </datafield>
  <datafield tag="952" ind1=" " ind2=" ">
    <subfield code="0">0</subfield>
    <subfield code="1">0</subfield>
    <subfield code="2">ddc</subfield>
    <subfield code="4">0</subfield>
    <subfield code="7">0</subfield>
    <subfield code="8">GEN</subfield>
    <subfield code="a">BPMOS</subfield>
    <subfield code="b">BPMOS</subfield>
    <subfield code="d">2020-08-11</subfield>
    <subfield code="i">N.A</subfield>
    <subfield code="l">0</subfield>
    <subfield code="o">303.60986 M65a</subfield>
    <subfield code="p">MOS500015</subfield>
    <subfield code="r">2021-01-07</subfield>
    <subfield code="t">Ej 1</subfield>
    <subfield code="w">2020-08-11</subfield>
    <subfield code="y">BK</subfield>
    <subfield code="z">Ocho dias</subfield>
  </datafield>
</record>
